000 00998cam a22002411i 4500
003 SA-RiAUC
005 20251029074916.0
008 251024s1980 su g f000r0 ara c
040 _aSA-JeALM
_bara
_cSA-RiAUC
_erda
082 0 4 _a252.5
_qSA-RiAUC
090 _a252.5
_bد ل ي
245 0 0 _aدليل الحاج والمعتمر وزائر مسجد الرسول صلى الله عليه وسلم.
264 1 _aالرياض :
_bالرئاسة العامة لإدارات البحوث العلمية والإفتاء والدعوة والإرشاد،
_c1981
300 _a63 صفحة ؛
_c14 سم
336 _aنص
_btxt
_2rdacontent
_3كتاب
337 _aبدون وسيط
_bn
_2rdamedia
338 _aمجلد
_bnc
_2rdacarrier
650 7 _aالحج (فقه إسلامي)
_vكتب إرشادية
_2aucsh
650 7 _aالعمرة (فقه إسلامي)
_vكتب إرشادية
_2aucsh
653 _aالديانات
942 _2ddc
_cBOOK
_n0
949 _aSA-JeALM
_d251024
_umohamedma123
_n1
999 _c12741
_d12741